Nazioni delle Finali di UEFA Champions League - Statistics

Statistiche generali
  • Questo quiz è stato fatto 63 volte
  • Il punteggio medio è 13 su 15
Statistiche sulle risposte
Nazione Numero di finali ospitate Stagioni delle finale % Corretto
Francia 6 1955-1956; 1974-1975; 1980-1981; 1999-2000; 2005-2006; 2021-2022
98%
Italia 9 1964-1965, 1969-1970; 1976-1977, 1983-1984; 1990-1991; 1995-1996; 2000-2001, 2008-2009, 2015-2016
98%
Regno Unito 13 1959-1960; 1962-1963; 1967-1968; 1970-1971; 1975-1976, 1977-1978; 1991-1992; 2001-2002; 2002-2003; 2010-2011; 2012-2013, 2016-2017; 2023-2024
98%
Germania 8 1958-1959, 1978-1979; 1987-1988; 1992-1993; 1996-1997; 2003-2004; 2011-2012; 2014-2015
96%
Portogallo 4 1966-1967; 2013-2014; 2019-2020; 2020-2021
96%
Spagna 8 1956-1957; 1968-1969; 1979-1980; 1985-1986; 1988-1989; 1998-1999, 2009-2010; 2018-2019
96%
Russia 1 2007-2008
89%
Grecia 3 1982-1983; 1993-1994; 2006-2007
85%
Paesi Bassi 4 1961-1962; 1971-1972; 1981-1982; 1996-1997
85%
Belgio 4 1957-1958; 1965-1966; 1973-1974; 1984-1985
81%
Turchia 2 2004-2005; 2022-2023
80%
Svizzera 1 1960-1961
74%
Austria 4 1982-1983; 1993-1994; 2006-2007
67%
Ucraina 1 2017-2018
67%
Serbia 1 1972-1973
56%
Nessun quiz corrispondente trovato
Distribuzione punteggi
Percentuale di utenti per punteggio
Percentile per numero di risposta
I tuoi punteggi nel tempo
Non hai fatto questo quiz